[Event "1st Goa GM Open 2018"]
[Site "Taleigao"]
[Date "2018.10.15"]
[Round "4"]
[White "Kadam Om Manish"]
[Black "Sai Agni Jeevitesh, J."]
[Result "0-1"]
[WhiteElo "2082"]
[BlackElo "2362"]
[Annotator "TA"]
[PlyCount "179"]
[EventDate "2018.10.13"]
[EventType "swiss"]
[EventCountry "IND"]
[SourceTitle "playchess.com"]
[Source "ChessBase"]
[SourceQuality "1"]

{[%evp 19,179,31,63,33,47,31,50,-12,67,-3,74,75,91,-9,0,0,0,0,27,-2,0,0,0,-694,18,27,2221,0,0,0,0,0,0,-10,0,0,37,0,0,0,0,0,0,0,0,0,0,0,0,0,0,0,0,0,0,0,0,0,0,0,137,135,114,2,2,2,2,0,0,0,0,0,0,0,0,0,0,0,0,0,0,0,0,0,0,0,0,0,0,0,0,0,0,0,0,0,0,0,0,0,0,0,0,0,0,0,0,0,0,0,0,0,0,0,0,0,0,0,0,0,0,0,0,0,0,0,0,0,0,0,0,0,0,0,0,0,0,0,0,0,0,0,0,0,0,0,0,0,0,0,0,0,0,0,0,0,0,0,0,-5089,-1184,-29976]} 1. e4 e6 2. d4 d5 3. Nd2 Nf6 4. e5 Nfd7 5. Bd3 b6 6. Ne2 Ba6 7. Bxa6 Nxa6 8. c3 c5 9. O-O Be7 10. f4 g6 {LiveBook: 6 Games} 11. Nf3 {C06: French Tarrasch: 3...Nf6 4 e5 Nfd7 5 Bd3 main lines} (11. g4 h5 12. f5 gxf5 13. gxf5 Nc7 14. f6 Bf8 15. Nf3 Nb8 16. Kh1 Qd7 17. Nf4 Nc6 18. Ng5 O-O-O {1-0 (38) Mamedov,R (2660)-Yakimenko,A (2091) Pardubice 2010}) 11... b5 12. Be3 c4 13. b4 $146 (13. g4 $14) ({Predecessor:} 13. a3 Nc7 14. Qe1 Nb6 15. Bf2 h6 16. Bh4 g5 17. fxg5 hxg5 18. Bg3 Rg8 {0-1 (51) Vatkali,D (2017)-Michna,M (2377) Achaea 2017}) 13... Nb6 (13... Nc7 $11) 14. Qc2 (14. a4 $14) 14... Nb8 (14... Nc7 $11 {keeps the balance.}) 15. g4 $1 $16 h5 {[#]} 16. h3 (16. f5 $1 $16 {[%cal Rf5e6]} gxf5 17. gxf5) 16... hxg4 17. hxg4 Nc6 18. Kg2 Kd7 19. Ng3 Qg8 20. Rh1 Qg7 21. Rh5 $2 {[%mdl 8192]} (21. Rxh8 $11 Rxh8 22. Rh1) 21... Rh7 $2 (21... gxh5 $19 22. g5 h4) 22. Rxh7 $11 Rd8 $2 {[%mdl 8192]} (22... Qxh7 $11 23. f5 gxf5) 23. Rh8 $2 ({White has to play} 23. Rxg7 $18 Rf8 24. f5) 23... Rxh8 24. Rh1 Rxh1 25. Kxh1 Na4 26. Bd2 Qh8+ 27. Kg2 a5 28. a3 Nb6 29. f5 gxf5 30. gxf5 axb4 31. axb4 Bh4 32. fxe6+ fxe6 33. Nxh4 Qxh4 34. Qg6 {White wants to play Nh5.} Ne7 35. Qg7 Nbc8 36. Be3 Kc7 37. Bd2 (37. Kf3 {keeps more tension.} Kd7 38. Qf7 Qh2 39. Bf2 Qh3 40. Be1) 37... Kb6 (37... Kd7 {looks sharper.}) 38. Qg5 Qxg5 39. Bxg5 {[%mdl 4096] Endgame KBN-KNN} Nc6 (39... Kc7 $11 {remains equal.}) 40. Kf3 $16 Kc7 {[#]} 41. Bd2 (41. Nh5 $1 $16) 41... Kd7 $11 42. Kg4 Ke7 43. Kg5 Kf7 $1 44. Ne2 N6e7 45. Ng3 Nb6 46. Nf1 Nf5 47. Kf4 Na4 48. Ne3 Nxe3 49. Kxe3 {KB-KN} Kg6 50. Kf4 Kh5 51. Be1 Nb2 52. Kg3 Kg5 53. Bd2+ Kf5 {And now ...Ke4 would win.} 54. Kf3 Nd3 55. Bh6 Kg6 56. Bd2 Kh5 57. Kg3 Nb2 58. Kh3 Na4 59. Kg3 Nb6 60. Kh3 Nc8 61. Kg3 Ne7 62. Kh3 Nf5 63. Bf4 Ne7 64. Bd2 Nc8 65. Kg3 Nb6 66. Kh3 Na4 67. Kg3 Nb2 68. Kh3 Nd1 {Hoping for ...Nf2+.} 69. Kg3 Kg6 70. Kf3 $1 Kf5 71. Be1 Nb2 72. Bd2 Nd3 73. Bh6 Ne1+ 74. Kf2 Nc2 {aiming for ...Ke4.} 75. Kf3 Na1 76. Bd2 Nb3 77. Be3 Na1 78. Bc1 Nc2 79. Bh6 Na3 {...Nb1 is the strong threat.} 80. Bd2 Kg6 (80... Nb1 $5 81. Be1 $8 Na3 $11) 81. Kg4 Nc2 82. Bc1 Ne1 83. Bd2 $1 {[%cal Rd2e1]} Nd3 {Strongly threatening ...Nf2+.} 84. Kf3 $1 Kh5 85. Kg3 Nb2 86. Kh3 Nd1 {Threatens to win with ...Nf2+.} 87. Kg3 Kg6 88. Kf3 Kf5 89. Bh6 $2 {[%mdl 8192]} (89. Ke2 $11 Nb2 90. Ke3) 89... Nxc3 $19 90. Bd2 {Precision: White = 61%, Black = 71%.} 0-1

[Event "1st Goa GM Open 2018"]
[Site "Taleigao"]
[Date "2018.10.15"]
[Round "4"]
[White "Kavinda, Akila"]
[Black "Konguvel, Ponnuswamy"]
[Result "1/2-1/2"]
[WhiteElo "2025"]
[BlackElo "2325"]
[Annotator "TA"]
[PlyCount "130"]
[EventDate "2018.10.13"]
[EventType "swiss"]
[EventCountry "IND"]
[SourceTitle "playchess.com"]
[Source "ChessBase"]
[SourceQuality "1"]

{[%evp 20,130,7,15,1,0,0,-26,0,-45,0,-62,-66,-66,-71,-65,-29,-19,-25,-46,-33,-30,-31,-59,-20,-42,-21,-37,0,-34,-18,-23,-4,-16,-11,-21,-8,-56,-56,-67,-60,-102,-102,-83,-45,-41,-42,-56,0,-11,0,-48,-9,-10,0,0,0,-12,-12,-9,-9,-159,-159,-159,-159,-159,-159,-136,-121,-159,-159,-159,-159,-159,-159,-159,-159,-159,-159,-159,-159,-159,-159,-159,-159,-159,-159,-159,-159,-159,-159,-159,-159,-159,-159,-159,-159,-159,-159,-159,-159,-159,-159,-159,-159,-159,-159,-159,-159,-159,-159,-152,0]} 1. d4 Nf6 2. Nf3 g6 3. g3 Bg7 4. Bg2 O-O 5. O-O d6 {[%cal Bd7d6,Bd6e5,Be5e4,Be4e3][%mdl 32]} 6. b3 e5 7. dxe5 dxe5 8. Ba3 Qxd1 {A49: Königsindisch (ohne c2-c4)} 9. Rxd1 Re8 10. c4 e4 11. Nd4 $1 {LiveBook: 9 Partien} Ng4 12. Nc3 $146 ({Vorgänger:} 12. e3 c6 13. Nc3 f5 14. h3 Ne5 15. g4 Nf3+ 16. Bxf3 exf3 17. gxf5 gxf5 {1-0 (55) Turov,M (2610)-Bakalchuk,J (2410) Budapest 2018}) 12... e3 $1 {[%cal Re3f2]} 13. f4 Nf2 {Droht stark ...c6.} (13... c6 $5 {[%cal Rg4f2]}) 14. Nd5 {Droht Sb5 und aus.} Na6 15. Ne7+ (15. Nb5 $11 Bg4 16. Ndxc7 Nxc7 17. Nxc7) 15... Kh8 $1 $15 16. Nxc8 Raxc8 17. Bxb7 Nxd1 (17... Rcd8 {is interesting.} 18. Bxa6 Nxd1 19. Rxd1 Rxd4 20. Rxd4 Bxd4 21. c5 Kg7) 18. Rxd1 ({Viel schlechter ist} 18. Bxc8 Rxc8 19. Rxd1 Rd8 $17) 18... Rcd8 19. Bxa6 {Schwarz muss nun Lc5 beachten.} Rxd4 20. Rxd4 Bxd4 $11 {[%mdl 4096] Endspiel KTL-KL} 21. c5 Rd8 22. Bb4 Rb8 23. Ba3 Rd8 24. Bb4 Kg7 25. Kg2 f5 26. Kf3 Kf6 27. Bc4 h6 28. h4 g5 29. fxg5+ hxg5 30. hxg5+ Kxg5 31. c6 {Droht Le7+.} Kf6 32. Ba5 Be5 33. Bb4 Bd4 34. Ba5 $1 Be5 35. Bb4 {[#]} Rd2 $1 {[%mdl 512]} 36. a4 (36. Bxd2 exd2) 36... Bd4 37. Ba5 Be5 38. Bb4 Rd1 39. Bc5 Bd4 40. Bxd4+ ({Günstiger ist} 40. Bd6 $1 $11) 40... Rxd4 $17 41. Kxe3 $11 {KT-KL} Ke5 42. Bd3 Rb4 43. Bc4 Rb6 44. Kf3 Rxc6 {Schwarz steht deutlich besser.} 45. e3 a5 46. Bg8 Rc1 47. Bc4 Rb1 48. Bg8 Rb2 49. Bc4 Rd2 50. Bg8 Rd6 51. Bc4 Rg6 52. Bd3 Rg4 53. Bc4 Rg7 54. Bd3 c6 55. Bc4 Rb7 56. Bg8 Rb8 57. Bc4 Rf8 58. Bd3 Rh8 59. Bc4 Rh1 60. Kg2 Rc1 61. Kf3 Rc2 62. Bd3 Rb2 63. Bc4 Rd2 64. Ba6 Kd5 65. Bc4+ {[#]} Ke5 $2 {Precision: Weiß = 60%, Schwarz = 60%.} (65... Kd6 $1 $17 66. Bf7 Ke5) 1/2-1/2

[Event "1st Goa GM Open 2018"]
[Site "Taleigao"]
[Date "2018.10.16"]
[Round "5"]
[White "Kravtsiv, Martyn"]
[Black "Babujian, Levon"]
[Result "0-1"]
[WhiteElo "2654"]
[BlackElo "2456"]
[Annotator "TA"]
[PlyCount "74"]
[EventDate "2018.10.13"]
[EventType "swiss"]
[EventCountry "IND"]
[SourceTitle "playchess.com"]
[Source "ChessBase"]
[SourceQuality "1"]

{[%evp 24,74,0,0,0,0,0,0,0,0,22,7,10,7,22,32,67,27,33,12,90,48,60,33,36,33,33,42,47,53,131,0,0,-316,-317,-311,-312,-288,-305,-289,-291,-300,-280,-278,-287,-355,-352,-348,-331,-518,-470,-497,-343]} 1. e4 e5 2. Nf3 Nc6 3. Bb5 a6 4. Ba4 Nf6 5. O-O Be7 6. Re1 b5 7. Bb3 O-O 8. a4 b4 9. d3 d6 10. a5 Bg4 11. c3 Rb8 12. Bc4 bxc3 13. bxc3 Nxa5 {C88: Closed Ruy Lopez: Anti-Marshall Systems} 14. Rxa5 {aiming for Nbd2.} Rxb1 15. Rxa6 Nd7 $146 {The position is equal.} ({Predecessor:} 15... Qc8 16. d4 d5 17. exd5 e4 18. Qc2 exf3 19. Qxb1 Bd6 20. Qd3 fxg2 21. Ba3 {1-0 (33) Stefansson,H (2566)-Sigfusson,S (2215) Reykjavik 2000}) 16. Qc2 Rb8 17. Nd2 Nc5 18. Ra7 Bg5 19. d4 Ne6 20. f3 Bh5 21. dxe5 Nf4 (21... Bf4 $11) 22. Nf1 dxe5 23. Ng3 {Threatens to win with Bxf4.} Bg6 24. Nf5 Bxf5 25. exf5 Qd6 {White must now prevent ...Qc5+.} 26. Ba3 Qc6 ({Black should try} 26... Qb6+ $14 27. Qf2 Qxf2+ 28. Kxf2 Rfd8 29. Rxc7 Nd3+ 30. Bxd3 Rxd3) 27. Bf1 (27. Bxf8 $16 {And now Qa2 would win.} Qxc4 28. Bb4) 27... Rfd8 $11 28. Bc1 $2 {[%mdl 8192]} (28. Ra6 $11 {and White stays safe.} Qd5 29. Bb4) 28... Qb6+ 29. Qf2 {[#]} Nh3+ $1 {[%mdl 512]} 30. gxh3 Qxf2+ 31. Kxf2 Bh4+ 32. Ke2 {Strongly threatening Rd1.} Bxe1 33. Kxe1 {Hoping for Kf2.} Rb1 34. Rxc7 Rxc1+ 35. Kf2 Kf8 36. Bc4 (36. Bb5 $142) 36... Rxc3 $19 37. Rxf7+ Ke8 {Precision: White = 42%, Black = 70%.} 0-1

[Event "1st Goa GM Open 2018"]
[Site "Taleigao"]
[Date "2018.10.16"]
[Round "5"]
[White "Predke, Alexandr"]
[Black "Deshmukh, Anup"]
[Result "1-0"]
[WhiteElo "2615"]
[BlackElo "2267"]
[Annotator "TA"]
[PlyCount "37"]
[EventDate "2018.10.13"]
[EventType "swiss"]
[EventCountry "IND"]
[SourceTitle "playchess.com"]
[Source "ChessBase"]
[SourceQuality "1"]

{[%evp 9,37,101,110,86,70,87,108,91,128,137,189,203,454,429,547,535,553,566,708,653,677,641,655,552,555,550,709,729,812,813]} 1. e4 c5 2. Nf3 a6 3. c3 g6 4. d4 b6 (4... cxd4 5. cxd4 d5 6. e5 Bg4 7. Be2 Nc6 8. h3 Bxf3 9. Bxf3 e6 10. O-O Qb6 11. Be3 Qxb2 12. Nd2 {1-0 (35) Kosintseva,T (2496)-Cramling,P (2525) Beijing 2013}) 5. dxc5 $146 ({Predecessor:} 5. Be3 d6 6. Nbd2 Bg7 7. h3 Nd7 8. g3 Bb7 9. Bg2 Ngf6 10. d5 O-O 11. O-O Qc7 12. Nh4 {0-1 (68) Pranesh,M (1977)-Deshmukh,A (2283) Mumbai 2018}) 5... bxc5 6. Qd5 {B28: Sicilian: 2 Nf3 a6 (O'Kelly Variation)} Nc6 7. Qxc5 e5 8. Qc4 {White is better.} a5 9. Qa4 $40 {[%mdl 128] Black is in trouble.} Bc5 {[#]} (9... Bg7 $16 {might work better.} 10. Be3 Nf6) 10. b4 $1 $18 {[%mdl 512]} axb4 $2 (10... Bb6 {was necessary.} 11. Nbd2 (11. b5 Nce7 $18) 11... Nf6) 11. Qxa8 {White is clearly winning.} Nge7 12. Bc4 Qb6 13. O-O bxc3 14. Qa4 c2 15. Nbd2 Nd4 16. Nxd4 Bxd4 17. Nb3 O-O 18. Nxd4 Qxd4 19. Be3 1-0

[Event "1st Goa GM Open 2018"]
[Site "Taleigao"]
[Date "2018.10.16"]
[Round "5"]
[White "Popov, Ivan"]
[Black "Pranav Vijay"]
[Result "1-0"]
[WhiteElo "2611"]
[BlackElo "2265"]
[Annotator "TA"]
[PlyCount "149"]
[EventDate "2018.10.13"]
[EventType "swiss"]
[EventCountry "IND"]
[SourceTitle "playchess.com"]
[Source "ChessBase"]
[SourceQuality "1"]

{[%evp 24,148,31,37,42,45,48,42,50,55,45,51,60,48,50,72,108,0,39,23,61,38,49,0,0,11,13,7,11,0,16,-12,-8,-11,0,-4,0,0,0,0,0,0,61,43,35,0,13,0,0,0,20,0,0,0,19,0,0,0,0,0,0,0,0,0,0,0,0,0,39,23,106,0,46,0,89,95,112,116,118,0,0,0,125,120,177,174,338,220,462,448,870,867,910,941,954,625,604,0,945,931,925,925,854,854,4849,4849,29971,29972,4837,4837,29990,29991,29993,29994,29995,29990,29990,29989,29993,29990,29994,29992,29993,29993,29993,29994,29999]} 1. e4 {Ftacnik,L} e5 2. Nf3 Nc6 3. Bb5 a6 4. Ba4 d6 5. c3 Bd7 6. d4 g6 7. O-O Bg7 8. Re1 Nf6 9. d5 {C79: Spanische Partie (Russische Variante)} (9. Bxc6 Bxc6 10. dxe5 Nxe4 11. exd6 O-O 12. dxc7 Qxc7 13. Be3 Rad8 14. Nd4 Be5 15. h3 Bh2+ 16. Kh1 Bf4 {½-½ (60) Kasimdzhanov,R (2683)-Mamedyarov,S (2799) Riadh 2017}) 9... Ne7 10. Bxd7+ Nxd7 11. Be3 h6 12. Nfd2 f5 13. f3 {LiveBook: 6 Partien} O-O 14. c4 c5 15. Nc3 {[#]} Rb8 $146 ({Vorgänger:} 15... Qc7 16. Rb1 Rfb8 17. Qe2 f4 {1-0 (65) Polgar,J (2595)-Spassky,B (2565) Budapest 1993 CBM 033 [Ftacnik,L]}) 16. Rb1 Qc7 17. b4 cxb4 18. Rxb4 Bf6 19. Kh1 Bg5 20. Qe2 (20. Bxg5 $16 hxg5 21. Qe2) 20... Kg7 21. Ba7 Ra8 22. Bf2 {[#]} b5 $1 {[%mdl 512]} 23. Nb3 {Weiss will h4 spielen.} (23. cxb5 Qxc3) 23... Rac8 {[%cal Rb5c4]} 24. h4 bxc4 25. Na1 Bf6 26. Reb1 Qa5 27. Na4 fxe4 28. fxe4 Qd8 29. g3 h5 30. Kg2 Ng8 31. Rb7 Rc7 32. Nc2 Qc8 (32... Be7 $11) 33. Rxc7 $14 Qxc7 34. Ne3 (34. Rb4 {feels hotter.} Be7 35. Rxc4 Qb7 36. Nb4 Bd8 37. Nc6) 34... Be7 35. Qxc4 Qxc4 36. Nxc4 Ndf6 37. Nd2 Rc8 38. Kf3 g5 39. Rb7 gxh4 40. gxh4 Rc2 41. Rb2 Rc8 42. Rb7 Rc2 43. Rb2 Rc8 44. Ke2 Ng4 45. Be1 Rc1 46. Rb1 Rc2 (46... Rxb1 $11 {hält das Gleichgewicht.} 47. Nxb1 N8f6) 47. Rb2 (47. Kd3 $16 Rc7 48. Nc4) 47... Rc1 48. Rb1 Rc2 49. Kd3 $36 {[%mdl 2048] Läuft bei Weiss.} Rc7 50. Nc4 N8f6 {[#] und nun wäre ...Sxe4! stark für Schwarz.} 51. Nc3 (51. Na5 $1 $16) 51... Nd7 $11 {Mit der Idee ...Sc5+.} 52. Na4 (52. Na5 $11) 52... Ndf6 $1 $16 {[%cal Rf6e4]} 53. Na5 Nxe4 (53... Bf8 $16) 54. Kxe4 $18 Rc2 $2 (54... Nf6+ {war angesagt.} 55. Kf5 Nxd5) 55. Nc3 {zielt auf Tb7 ab.} Rh2 $2 (55... Kg6 56. Kd3 Rh2) 56. Rb7 Nf6+ (56... Kf6 $142 57. Bg3 Rd2) 57. Kf5 Kf7 58. Nc6 Ng8 59. Nd8+ Ke8 60. Nc6 (60. Ne6 $142) 60... Kf7 $1 {[#]} 61. Nxe5+ $1 dxe5 62. d6 Rh1 63. Bd2 ({Nicht} 63. dxe7 Rf1+ 64. Kxe5 Rxe1+ 65. Ne4 Nxe7 $14) 63... Rxh4 64. dxe7 Rc4 65. Ne4 Nxe7+ 66. Kxe5 Ra4 67. Nd6+ {Weiß setzt Matt.} Kg6 68. Rxe7 Rxa2 69. Re6+ Kh7 70. Rh6+ Kg8 71. Bg5 Rc2 72. Kf6 Rc6 73. Kg6 Rxd6+ 74. Bf6 {[%csl Gf6][%cal Rh6h8]} Rd1 75. Rh8# {Precision: Weiß = 69%, Schwarz = 42%.} 1-0

[Event "1st Goa GM Open 2018"]
[Site "Taleigao"]
[Date "2018.10.16"]
[Round "5"]
[White "Idani, Pouya"]
[Black "Stany, G.A."]
[Result "1-0"]
[WhiteElo "2588"]
[BlackElo "2502"]
[Annotator "TA"]
[PlyCount "49"]
[EventDate "2018.10.13"]
[EventType "swiss"]
[EventCountry "IND"]
[SourceTitle "playchess.com"]
[Source "ChessBase"]
[SourceQuality "1"]

{[%evp 12,49,37,32,44,22,37,16,35,0,29,16,79,103,112,103,143,138,153,154,164,135,162,143,138,156,151,141,241,263,265,237,237,214,214,258,273,271,1306,1304]} 1. Nf3 Nf6 2. c4 g6 3. Nc3 d5 4. cxd5 Nxd5 5. Qb3 Nb6 6. d4 Bg7 7. Bf4 {LiveBook: 274 Games. D90: Grünfeld: 4 Nf3 Bg7 sidelines} Bg4 (7... Be6 8. Qa3 O-O 9. e3 N8d7 10. Rd1 c6 11. Ng5 Bf5 12. e4 Bg4 13. Be2 Bxe2 14. Nxe2 Qe8 {1-0 (32) Duda,J (2739)-Ivanchuk,V (2710) Batumi 2018}) 8. O-O-O $146 ({Predecessor:} 8. Ng5 O-O 9. h3 Bd7 10. e3 Nc6 11. d5 Ne5 12. Rd1 c6 13. dxc6 Nxc6 14. Nge4 Qc8 {1-0 (68) Loifenfeld,J (2413)-Forchert,M (2282) Germany 2018}) 8... c6 9. e4 {White is slightly better.} O-O 10. h4 {[%cal Bh2h4,Bh4h5][%mdl 32]} N8d7 11. Be2 Bxf3 (11... c5 $11) 12. gxf3 $16 e5 13. dxe5 Qe7 14. h5 Bxe5 {[#]} 15. Be3 $1 {Threatens to win with hxg6.} Qf6 16. hxg6 hxg6 17. Rdg1 Rfe8 18. Rg4 Nf8 19. Bg5 Qxg5+ (19... Qg7 $16 {keeps fighting.}) 20. Rxg5 $18 Bf4+ 21. Kb1 Bxg5 22. Bc4 $40 {[%mdl 128] White wants a kill.} Nxc4 23. Qxc4 Nd7 24. Ne2 Nb6 $2 {[#]} (24... Rad8 25. f4 Bf6) 25. Qc3 {Precision: White = 71%, Black = 25%.} 1-0

[Event "1st Goa GM Open 2018"]
[Site "Taleigao"]
[Date "2018.10.16"]
[Round "5"]
[White "Malakhatko, Vadim"]
[Black "Akash G"]
[Result "1/2-1/2"]
[WhiteElo "2552"]
[BlackElo "2424"]
[Annotator "TA"]
[PlyCount "40"]
[EventDate "2018.10.13"]
[EventType "swiss"]
[EventCountry "IND"]
[SourceTitle "playchess.com"]
[Source "ChessBase"]
[SourceQuality "1"]

{[%evp 16,40,-3,5,16,15,41,11,14,8,18,10,4,14,18,-1226,-686,-716,-712,-835,-826,-812,-740,-734,-668,-850,-718]} 1. d4 Nf6 2. c4 e6 3. Nf3 Bb4+ 4. Nbd2 O-O 5. g3 c5 6. Bg2 cxd4 7. Nxd4 Nc6 8. Nc2 Be7 9. O-O {LiveBook: 9 Partien. E00: Katalanisch} b6 10. b3 (10. b4 Bb7 11. Bb2 d5 12. a3 dxc4 13. Nxc4 Qc7 14. Rc1 Rad8 15. Qe1 b5 16. Nd2 Qb8 {1-0 (38) Le,Q (2676)-Margvelashvili,G (2531) New York 2015}) 10... Bb7 11. Bb2 {Weiß steht etwas besser.} d5 12. e4 $146 ({Vorgänger:} 12. cxd5 Nxd5 13. e4 Ndb4 14. Nxb4 Bxb4 15. Nc4 Qxd1 16. Rfxd1 Rfd8 {1-0 (42) Dahale,A (2080)-Muthaiah,A (2289) Mumbai 2017}) 12... dxe4 13. Nxe4 Nxe4 14. Bxe4 Qxd1 15. Rc1 $2 {[%mdl 8192] [#]} (15. Rfxd1 $11 Rfd8 16. Bc3) 15... Qxf1+ {Schwarz steht klar auf Gewinn.} 16. Rxf1 Rad8 17. Nd4 Nxd4 18. Bxb7 Bc5 19. Kg2 a5 20. Rd1 Rd7 {[%mdl 32768] An unexpected result.} 1/2-1/2

[Event "1st Goa GM Open 2018"]
[Site "Taleigao"]
[Date "2018.10.16"]
[Round "5"]
[White "Ter-Sahakyan, Samvel"]
[Black "Anurag, Mhamal"]
[Result "1-0"]
[WhiteElo "2547"]
[BlackElo "2495"]
[Annotator "TA"]
[PlyCount "88"]
[EventDate "2018.10.13"]
[EventType "swiss"]
[EventCountry "IND"]
[SourceTitle "playchess.com"]
[Source "ChessBase"]
[SourceQuality "1"]

{[%evp 22,88,54,0,8,-15,10,13,22,24,34,27,35,27,57,68,64,76,73,3,103,108,99,104,111,68,68,49,60,60,51,54,113,113,159,148,158,150,232,237,234,218,234,230,234,241,254,234,233,195,254,247,320,308,295,269,358,348,381,387,463,463,740,721,615,472,1015,1015,29988]} 1. e4 e5 2. Nf3 Nc6 3. Bb5 a6 4. Ba4 Nf6 5. O-O Be7 6. Re1 b5 7. Bb3 d6 8. c3 O-O 9. h3 Nd7 10. d4 Bf6 11. a4 Bb7 12. a5 {LiveBook: 4 Games. C92: Closed Ruy Lopez: 9...Be6, Karpov and Flohr-Zaitsev Variations} (12. d5 $14 Na5 13. Bc2) (12. axb5 axb5 13. Rxa8 Qxa8 14. d5 Ne7 15. Na3 Ba6 16. Ba2 g6 17. Nc2 Bg7 18. Nb4 Bc8 19. Qe2 Qb7 20. Bg5 Nf6 21. Ra1 Re8 22. Bb1 Bd7 23. Bd3 Nexd5 24. exd5 {1-0 (39) Safarli,E (2639)-Ivanchuk,V (2713) Batumi 2018}) 12... Ne7 13. Nbd2 c5 {[%cal Re5d4]} 14. d5 {The position is equal.} c4 15. Bc2 Nc5 16. b3 $146 ({Predecessor:} 16. Nf1 g6 17. Be3 Qc7 18. N1h2 Bg7 19. Qd2 f6 {1-0 (38) Tovarek,A (1972)-Chudinovskih,A (2275) Brno 2015}) 16... cxb3 17. Nxb3 Na4 18. c4 $1 Qc7 19. Bd3 bxc4 {[#] aiming for ...Nc3.} 20. Bxc4 (20. Qc2 $16 Rfc8 21. Rxa4 cxd3 22. Qxd3) 20... Qxc4 (20... Nc3 $1 $11 21. Qd3 Bxd5 22. Bxd5 (22. exd5 e4 $15) 22... Nexd5) 21. Nbd2 $1 $16 {[%csl LRa4,LRc4]} Qc7 {And now ...Nc3 would win.} 22. Qxa4 Bc8 23. Ba3 {Strongly threatening Qb4.} Bd7 24. Qc4 Qb8 25. Qb4 $36 {[%mdl 2048] [#] Threatens to win with Qxb8. White fights for an advantage.} Nc8 26. Nc4 {Black must now prevent Qxb8.} Be7 (26... Qxb4 $14 27. Bxb4 Be7) 27. Nb6 Nxb6 28. axb6 {[%cal Ba5b6,Bb6c7][%mdl 32]} ({Much less strong is} 28. Qxb6 $6 f6 $11) 28... Re8 29. Rec1 ({And not} 29. b7 Ra7 $17) 29... Bb5 (29... Bd8 $16 {keeps fighting.}) 30. Qa5 $18 Bd8 31. Rc7 $1 Bxc7 32. bxc7 Qc8 33. Bxd6 f6 34. Qb6 Qd7 35. Nd2 {[%mdl 1024] White has strong compensation.} a5 (35... Rac8 {is a better defense.} 36. Nb1 Kf7) 36. Ba3 ({Worse is} 36. Rxa5 Rxa5 37. Qxa5 Qxd6 $15) 36... a4 37. Rc1 {[%cal Ba1c1,Bc1c5,Bc5c3][%mdl 32]} Rec8 38. Kh2 h5 39. f3 Kh7 40. Rc5 Bd3 41. Nc4 {White is clearly winning.} h4 (41... Bxc4 $142 42. Rxc4 Qf7) 42. Nd6 Rh8 43. Rc3 Ra6 (43... Ba6 $142 44. Rc6 Bc8) 44. Qf2 Rxd6 {Precision: White = 78%, Black = 40%.} 1-0

[Event "1st Goa GM Open 2018"]
[Site "Taleigao"]
[Date "2018.10.16"]
[Round "5"]
[White "Deepan Chakkravarthy J."]
[Black "Kasparov, Sergey"]
[Result "1/2-1/2"]
[WhiteElo "2540"]
[BlackElo "2453"]
[Annotator "TA"]
[PlyCount "123"]
[EventDate "2018.10.13"]
[EventType "swiss"]
[EventCountry "IND"]
[SourceTitle "playchess.com"]
[Source "ChessBase"]
[SourceQuality "1"]

{[%evp 17,123,10,11,0,19,-2,10,0,0,0,21,0,33,-5,4,8,31,12,9,-11,0,-18,-18,-18,-18,-14,-21,-19,-8,-12,0,-10,0,0,0,0,49,62,47,64,72,0,0,0,0,0,7,1,72,72,72,72,72,72,72,78,106,106,105,81,107,78,118,72,100,89,137,70,72,72,76,72,72,72,100,22,22,22,27,27,27,27,662,0,8,0,0,0,0,0,0,0,0,0,0,0,0,0,0,0,0,0,0,0,0,0,0,0]} 1. Nf3 Nf6 2. e3 c5 3. b3 b6 4. Bb2 e6 5. c4 Bb7 6. Be2 Be7 7. O-O O-O 8. Nc3 d6 {A30: Symmetrical English: Double Fianchetto and Hedgehog} (8... a6 9. d4 cxd4 10. exd4 d5 11. Rc1 Nbd7 12. Ne5 dxc4 13. Nxd7 Qxd7 14. bxc4 Rfd8 15. Qb3 Rab8 16. Rfd1 {0-1 (31) Fedoseev,V (2718)-Leko,P (2691) Riadh 2017}) 9. Qc2 Nbd7 {LiveBook: 3 Games} 10. Rad1 a6 11. Qb1 Qc7 12. d4 cxd4 13. Nxd4 Rac8 14. Rfe1 $146 ({Predecessor:} 14. Bf3 Bxf3 15. Nxf3 Qb7 16. Ng5 {1-0 (56) Wang,M (2132)-Golub,D (2184) Seattle 2014}) 14... Qb8 15. a3 Qa8 16. Bf1 Rfe8 17. Rd2 Nc5 18. b4 Ncd7 {[%cal Bc5d7,Bd7f6,Bf6e4][%mdl 32]} 19. f4 Ne4 20. Nxe4 Bxe4 21. Bd3 Nf6 22. Rc1 Bxd3 23. Qxd3 Rc7 24. Nf3 Ne4 25. Rdc2 Qb7 26. Bd4 Rec8 (26... a5 {is more complex.} 27. h3 axb4 28. axb4 Rd8 29. Bb2 Ra8) 27. Bxb6 Qxb6 28. Qxe4 d5 {[#]} 29. cxd5 (29. Qd4 $1 $16 {[%cal Rd4b6]} Qxd4 30. Nxd4) 29... Rxc2 $11 30. Rxc2 $40 {[%mdl 128] White has some attack.} Rxc2 31. Qxc2 Qxe3+ 32. Kf1 {next Qc8+ is good for White.} Qxa3 (32... exd5 $11 {keeps the balance.} 33. Qe2 Qc1+ 34. Kf2 Bf8) 33. Qc8+ $16 Bf8 34. dxe6 Qa1+ 35. Ne1 {Threatening mate with e7.} Qf6 36. exf7+ ({Of course not} 36. Qxa6 Qxf4+ 37. Nf3 Qc1+ 38. Kf2 Qc2+ 39. Kg3 Qg6+ 40. Kf2 Qc2+ 41. Kg3 Qg6+ 42. Kf2 Qc2+ $11) 36... Kxf7 37. Nd3 {Hoping for Ne5+.} g6 38. Qc4+ (38. Ke2 {keeps more tension.} Qd6 39. Qb7+ Be7 40. h3 Qe6+ 41. Kf3) 38... Kg7 39. g3 Qb6 40. Qe4 Bd6 41. Kg2 Qc7 42. Ne5 ({Better is} 42. Kf3 $16) 42... Qc3 43. Qb7+ Qc7 44. Qxc7+ Bxc7 {[%mdl 4096] Endgame KB-KN} 45. Kf3 g5 46. Ke4 (46. Nd3 $16) 46... gxf4 $11 47. gxf4 Bd6 48. Nd3 {Threatens to win with Kd5.} Kf6 49. Kd5 Be7 $2 {[%mdl 8192] [#]} (49... Bb8 $11) 50. Ke4 $2 (50. Nc5 $1 $18 Kf5 51. Nxa6) 50... h5 {The position is equal.} 51. Nc5 a5 $1 52. Nd7+ Ke6 53. bxa5 {And now a6 would win.} Kxd7 {KB-K3P} 54. Kf5 Kc6 55. Kg6 Bd6 56. Kg5 Kb5 57. h4 Kxa5 58. f5 Kb5 59. Kxh5 Be7 60. Kg6 Bxh4 61. f6 Bxf6 62. Kxf6 {Precision: White = 55%, Black = 44%.} 1/2-1/2